Normal view
MARC view
- TAGG, G. F
Entry Personal Name
001 - CONTROL NUMBER
- control field: 78956
003 - CONTROL NUMBER IDENTIFIER
- control field: NUST
005 - DATE AND TIME OF LATEST TRANSACTION
- control field: 20210628210320.0
008 - FIXED-LENGTH DATA ELEMENTS
- fixed length control field: 210628|| aca||aabn | a|a d
040 ## - CATALOGING SOURCE
- Original cataloging agency: NUST
- Transcribing agency: NUST
100 ## - HEADING--PERSONAL NAME
- Personal name: TAGG, G. F
670 ## - SOURCE DATA FOUND
- Source citation: Work cat.: (NUST): TAGG, G. F, ELECTRICAL INDICATING INSTRUMENTS, 1974
